Papa Doc y los Tontons Macoutes : (Record no. 23245)
[ view plain ]
| 000 -CABECERA | |
|---|---|
| campo de control de longitud fija | 01007nam a2200277 a 4500 |
| 001 - NÚMERO DE CONTROL | |
| campo de control | 000023749 |
| 003 - IDENTIFICADOR DEL NÚMERO DE CONTROL | |
| campo de control | DO-SdBNP |
| 005 - FECHA Y HORA DE LA ÚLTIMA TRANSACCIÓN | |
| campo de control | 20230213081937.0 |
| 007 - CAMPO FIJO DE DESCRIPCIÓN FÍSICA--INFORMACIÓN GENERAL | |
| campo de control de longitud fija | ta |
| 008 - DATOS DE LONGITUD FIJA--INFORMACIÓN GENERAL | |
| campo de control de longitud fija | 100812s1986 ht a 000 0 spa d |
| 040 ## - FUENTE DE LA CATALOGACIÓN | |
| Centro catalogador/agencia de origen | DO-SdBNP |
| Lengua de catalogación | spa |
| Centro/agencia transcriptor | BNPHU |
| 082 #4 - NÚMERO DE LA CLASIFICACIÓN DECIMAL DEWEY | |
| Número de clasificación | 972.94072 |
| Número de documento/Ítem | D559p |
| Número de edición | 22 |
| 100 1# - ENTRADA PRINCIPAL--NOMBRE DE PERSONA | |
| Nombre de persona | Diederich, Bernard. |
| 9 (RLIN) | 48900 |
| 245 10 - MENCIÓN DE TÍTULO | |
| Título | Papa Doc y los Tontons Macoutes : |
| Resto del título | la verdad sobre Haíti / |
| Mención de responsabilidad, etc. | Bernard Diederich y Al Burt ; traductor Justo G. Beramendi ; prefacio Graham Greene. |
| 250 ## - MENCIÓN DE EDICIÓN | |
| Mención de edición | 2a ed. |
| 260 ## - PUBLICACIÓN, DISTRIBUCIÓN, ETC. | |
| Lugar de publicación, distribución, etc. | Port-au- Prince, Haíti : |
| Nombre del editor, distribuidor, etc. | Fundación Cultural Dominicana, |
| Fecha de publicación, distribución, etc. | 1986. |
| 300 ## - DESCRIPCIÓN FÍSICA | |
| Extensión | 393 p. : |
| Otras características físicas | ilustraciones ; |
| Dimensiones | 21 cm. |
| 500 ## - NOTA GENERAL | |
| Nota general | Incluiye referencias bibliográficas y notas al pie de las páginas |
| 590 ## - NOTA LOCAL (RLIN) | |
| Nota local | Inventariado, 2023/BT |
| 650 #4 - PUNTO DE ACCESO ADICIONAL DE MATERIA--TÉRMINO DE MATERIA | |
| Término de materia o nombre geográfico como elemento de entrada | Presidentes |
| Subdivisión geográfica | Haití |
| 9 (RLIN) | 48902 |
| 651 #4 - PUNTO DE ACCESO ADICIONAL DE MATERIA--NOMBRE GEOGRÁFICO | |
| Nombre geográfico | Haití |
| Subdivisión general | Historia |
| Subdivisión cronológica | 1957-1986 |
| 9 (RLIN) | 48901 |
| 700 1# - PUNTO DE ACCESO ADICIONAL--NOMBRE DE PERSONA | |
| Nombre de persona | Burt, Al |
| 9 (RLIN) | 48903 |
| 700 1# - PUNTO DE ACCESO ADICIONAL--NOMBRE DE PERSONA | |
| Nombre de persona | Beramendi, Justo G., |
| Término indicativo de función/relación | traductor |
| 9 (RLIN) | 48904 |
| 700 1# - PUNTO DE ACCESO ADICIONAL--NOMBRE DE PERSONA | |
| Nombre de persona | Greene, Graham. |
| Término indicativo de función/relación | prefacio |
| 9 (RLIN) | 38207 |
| 942 ## - ELEMENTOS DE PUNTO DE ACCESO ADICIONAL (KOHA) | |
| Fuente del sistema de clasificación o colocación | Dewey Decimal Classification |
| Tipo de ítem Koha | Libro |
| Estado de retiro | Estado de pérdida | Fuente del sistema de clasificación o colocación | Restricciones de uso | No para préstamo | Código de colección | Localización permanente | Ubicación/localización actual | Ubicación en estantería | Fecha de adquisición | Signatura topográfica completa | Código de barras | Fecha visto por última vez | Precio válido a partir de | Tipo de ítem Koha | Nota pública | Número de copia | Fuente de adquisición | Total de préstamos |
|---|---|---|---|---|---|---|---|---|---|---|---|---|---|---|---|---|---|---|
| Dewey Decimal Classification | Excluido de préstamo | Patrimonio Dominicano | Biblioteca Nacional Pedro Henríquez Ureña | Biblioteca Nacional Pedro Henríquez Ureña | En catalogación | 12.01.2011 | BNPHU PD 972.94072 D559p | 23749-10 | 25.06.2020 | 25.06.2020 | Libro | Perteneció a la biblioteca personal de Germán Emilio Ornes. | ||||||
| Dewey Decimal Classification | Excluido de préstamo | Patrimonio Dominicano | Biblioteca Nacional Pedro Henríquez Ureña | Biblioteca Nacional Pedro Henríquez Ureña | En catalogación | 17.08.2011 | BNPHU PD 972.94072 D559p | 23749-20 | 25.06.2020 | 25.06.2020 | Libro | e. 2 | ||||||
| Dewey Decimal Classification | Préstamo en sala | Dominicana de Servicio | Biblioteca Nacional Pedro Henríquez Ureña | Biblioteca Nacional Pedro Henríquez Ureña | En catalogación | 13.02.2023 | BNPHU DS 972.94072 D559p | 2023-0853 | 13.02.2023 | 13.02.2023 | Libro | e.3 | Donación |
